Incentives in the construction industry: effects on earnings and costs (Record no. 98022)

MARC details
000 -LEADER
fixed length control field 00511cam a2200193 4500
001 - CONTROL NUMBER
control field D7700
008 - FIXED-LENGTH DATA ELEMENTS--GENERAL INFORMATION
fixed length control field 090401t1978 xxu||||| |||| 00| 0 eng d
035 ## - SYSTEM CONTROL NUMBER
System control number (Sirsi) u94406
041 ## - LANGUAGE CODE
Language code of text/sound track or separate title eng
050 ## - LIBRARY OF CONGRESS CALL NUMBER
Classification number 338.4569
100 ## - MAIN ENTRY--PERSONAL NAME
Personal name Oxley, R.
245 ## - TITLE STATEMENT
Title Incentives in the construction industry: effects on earnings and costs
260 ## - PUBLICATION, DISTRIBUTION, ETC.
Place of publication, distribution, etc. Ascot
Name of publisher, distributor, etc. Institute of Building
Date of publication, distribution, etc. 1978
300 ## - PHYSICAL DESCRIPTION
Extent 10p. 30cm
350 ## - PRICE (NR) (BK AM CF MU VM SE) [OBSOLETE]
Price 0
490 ## - SERIES STATEMENT
Series statement Site Management Information Service
Volume/sequential designation 74
942 ## - ADDED ENTRY ELEMENTS (KOHA)
Suppress in OPAC 0
948 ## - LOCAL PROCESSING INFORMATION (OCLC); SERIES PART DESIGNATOR (RLIN)
c (OCLC) 04/03/1997
Holdings
Withdrawn status Lost status Source of classification or shelving scheme Damaged status Not for loan Home library Current library Shelving location Date acquired Total Checkouts Full call number Barcode Date last seen Copy number Price effective from Koha item type
    Other/Generic Classification Scheme     London London Boxed set 20/03/2001   GALLERY 30063788 06/08/2019 1 06/08/2019 Book